000 00467nam a2200193Ia 4500
008 220531s9999 xx 000 0 und d
041 _aeng
082 _bSIN / CHA
100 _aSingh, K. / Chandra, B.
_970541
245 _aMany Faces Of Communalism
250 _a1ST
260 _aChandigarh
_bCRRID
_c1980
300 _a78
542 _d03-09-2014
551 _aSociology
650 _aSociology
_970542
906 _d2014-2015
_f1020
999 _c39502
_d39502